| 000 | 00383nam a2200169Ia 4500 | ||
|---|---|---|---|
| 003 | STCL | ||
| 008 | 181203s9999 xx 000 0 und d | ||
| 020 | _a9780140370737 | ||
| 040 |
_aSTCL _bEN _cSTCL |
||
| 082 | _222 | ||
| 100 | _aPilling, Ann | ||
| 245 | 0 | _aMother's Daily Scream | |
| 260 |
_bPuffin Books _aLondon _c1996 |
||
| 300 | _a181 | ||
| 546 | _aEnglish | ||
| 942 |
_2ddc _cBK |
||
| 999 |
_c84128 _d84128 |
||